00933cam a22002651 4500001001300000003000400013005001700017008004100034010001700075025001900092035001900111040002000130050002500150100002700175245010600202250001300308260004500321300006200366500006500428500003300493504003200526600003800558700005400596999001700650sa 66001845 DLC20260227112225.0791224s1962 ii ach b 001 0 eng  asa 66001845  aPL480:I-E-5169 a(OCoLC)5822874 aDLCcCLobSdDLC00aDS475.2.R18bC6 19621 aCollet, Sophia Dobson.14aThe life and letters of Raja Rammohun Roy.cEdited by Dilip Kumar Biswas and Prabhat Chandra Ganguli. a[3d ed.] aCalcutta,bSadharan Brahmo Samajc[1962] axii, 562 p.billus., facsims., ports. (part col.)c23 cm. aCompleted by F. Herbert Stead after the death of the author. a"Rammohun's works": p. [165] aBibliography: p. [542]-544.00aRammohun Roy,cRaja,d1772?-1833.1 aStead, F. Herbertq(Francis Herbert),d1857-1928. c68019d68019